000 00657nam a22002297a 4500
003 OSt
005 20220107122733.0
008 140405b xxu||||| |||| 00| 0 eng d
020 _a9780198069843
040 _cIIITM-K
082 _a658.0285 KUL/E
100 _aKulkarni, Parag
_93592
245 _aE-business
_cby Parag Kulkarni; Sunita Jahirabadkar; Pradip Chande
260 _aNew Delhi,
_bOxford University Press,
_c2012.
300 _axviii, 452p.
650 _aMANAGEMENT
_93593
650 _aBUSINESS MANAGEMENT
_93594
650 _aE-BUSINESS
_93595
700 _aJahirabadkar, Sunita
_93596
700 _aChande, Pradip
_93597
942 _2ddc
_cBK
999 _c3702
_d3702